000
00275nam a22001217a 4500
008
180216b xxu||||| |||| 00| 0 eng d
041
_a
eng
080
_2
46 ED
_a
54
100
_a
12
101
_a
KIM
245
_a
HANDBOOK CHEMISTRY PHYSICS
_c
CHAM.D.H
942
_2
udc
_c
BK
999
_c
42804
_d
42804